Stamps tell the story of the Vatican (Record no. 2728)
[ view plain ]
| 000 -LEADER | |
|---|---|
| fixed length control field | 00382nam a22000977a 4500 |
| 008 - FIXED-LENGTH DATA ELEMENTS--GENERAL INFORMATION | |
| fixed length control field | 180423b xxu||||| |||| 00| 0 eng d |
| 100 ## - MAIN ENTRY--AUTHOR'S NAME | |
| Author's Name | Kelen, Emery |
| 245 ## - TITLE STATEMENT | |
| Title | Stamps tell the story of the Vatican |
| 260 ## - PUBLICATION, DISTRIBUTION, ETC. (IMPRINT) | |
| Place of publication, distribution, etc. | New York |
| Name of publisher, distributor, etc. | Meredith Press |
| Date of publication, distribution, etc. | 1969 |
| 650 ## - TOPICAL TERM (Tag) | |
| Topical term or geographic name | Vatican City (1929-) | Commemorative Issues | Definitive Issues | Collecting | Stamps -- Histories | Topical Collecting -- History |
No items available.